000 00806nam a2200193 a 4500
003 0
005 20250421093403.0
008 060801s19uu xx 00 eng d
050 _aPHS S 654
_b.L67 2006
100 _aLopez, Abigail A.
245 _aComparative study on the effects of varying amounts of 8 different varieties of natural and artificial fertilizers on Abelmoschus esculentus /
_cAbigail A. Lopez.
260 _aLas PiƱas City, Philippines :
_bSouthville International School and Colleges,
_c2006.
300 _a56 pages :
_bcolored illustrations ;
_c28 cm.
504 _aIncludes bibliographical references.
650 _aOrganic fertilizers
_xComparative studies.
650 _aChemical fertilizers
_xComparative studies.
650 _aAbelmoschus esculentus
_xGrowth.
942 _2lcc
_cPASS
999 _c97642
_d97642